| 000 | 01301nam a2200325 a 4500 | ||
|---|---|---|---|
| 001 | ebr10728984 | ||
| 003 | CaPaEBR | ||
| 006 | m o u | ||
| 007 | cr cn||||||||| | ||
| 008 | 130509s2013 gw sb 001 0deng d | ||
| 010 | _z 2013009953 | ||
| 020 | _z9783110291353 (hardcover : alk. paper) | ||
| 020 | _z9783110291384 (e-book) | ||
| 040 |
_aCaPaEBR _cCaPaEBR |
||
| 035 | _a(OCoLC)852656765 | ||
| 050 | 1 | 4 |
_aB2798 _b.S167 2013eb |
| 082 | 0 | 4 |
_a193 _223 |
| 100 | 1 |
_aSchalow, Frank, _d1956- |
|
| 245 | 1 | 0 |
_aDepartures _h[electronic resource] : _bat the crossroads between Heidegger and Kant / _cFrank Schalow. |
| 260 |
_aBerlin ; _aBoston : _bDe Gruyter, _c2013. |
||
| 300 | _aviii, 243 p. | ||
| 440 | 0 |
_aQuellen und Studien zur Philosophie, _x0344-8142 ; _vBd. 112 |
|
| 504 | _aIncludes bibliographical references and index. | ||
| 533 |
_aElectronic reproduction. _bPalo Alto, Calif. : _cebrary, _d2013. _nAvailable via World Wide Web. _nAccess may be limited to ebrary affiliated libraries. |
||
| 600 | 1 | 0 |
_aKant, Immanuel, _d1724-1804. |
| 600 | 1 | 0 |
_aHeidegger, Martin, _d1889-1976. |
| 655 | 7 |
_aElectronic books. _2local |
|
| 710 | 2 | _aebrary, Inc. | |
| 856 | 4 | 0 |
_uhttp://site.ebrary.com/lib/rucke/Doc?id=10728984 _zAn electronic book accessible through the World Wide Web; click to view |
| 999 |
_c150860 _d150860 |
||